Missing Word: Crime Stories A-Z Quiz Stats

 Plays Quiz Updated Jan 14, 2018

Challenge
Share
Tweet
Embed
Score 0/25 Timer 03:00
0 Plays Today
Story Word % Correct
The Silence of the _____Lambs
97.7%
____ Russia With LoveFrom
95.8%
Murder on the _____ ExpressOrient
95.4%
The ____ of the BaskervillesHound
93%
The ______ FalconMaltese
91.5%
Pretend ___ Don't See HerYou
91.4%
The _____ Has LandedEagle
89.8%
The Manchurian _________Candidate
88.6%
___ ShortyGet
88.5%
______ Tailor Soldier SpyTinker
88.4%
The _______ Always Rings TwicePostman
87.9%
______ IndemnityDouble
85.5%
Presumed _______Innocent
84.5%
Story Word % Correct
The ___ SleepBig
82.2%
Evil _____ the SunUnder
72.9%
______ of a MurderAnatomy
72.1%
The _____ in WhiteWoman
67.3%
The Murders in the ___ MorgueRue
65.8%
A ____ Before DyingKiss
65.4%
The Day of the ______Jackal
64.9%
The ____ of the RoseName
59.8%
_______ on a TrainStrangers
53.2%
My Gun Is _____Quick
36.5%
'V' is for ________Vengeance
27.9%
Towards ____Zero
26.7%

Today's Daily Dose

Missing Word
Entertainment 'L'

Word Ladder
Fingers

Quick Pick
When in Rome

On This Day
December 15th II

You're not logged in!

Compare scores with friends on all Sporcle quizzes.
OR
Log In

You Might Also Like...

Show Comments

Extras

Top Quizzes Today


Score Distribution

Your Account Isn't Verified!

In order to create a playlist on Sporcle, you need to verify the email address you used during registration. Go to your Sporcle Settings to finish the process.

Report this User

Report this user for behavior that violates our Community Guidelines.

Details: